Statistics for Biggest city in each continent

Click here to take the quiz!

General Stats

  • This quiz has been taken 20 times
  • The average score is 5 of 6

Answer Stats

Hint (Pop)Answer% Correct
14 millionTokyo
95%
5 millionSydney
90%
9 millionMexico City
85%
13 millionLagos
80%
12 millionSao Paulo
75%
15 millionIstanbul
65%

Score Distribution

Percentile by Number Answered

Percent of People with Each Score

Your Score History

You have not taken this quiz